|
|
แสดงรายละเอียดบรรณานุกรม |
|
|
Brief Record
: Get Marc (ISO 2709)
: E-mail record
: |
|
|
| LEADER 00000nam 2200000uu 4500 | |||
| 001 212564 | |||
| 003 ULIBM | |||
| 008 020711s2015 th a 000 0 eng d | |||
| 020 9786169108283 | |||
| 041 ^aeng | |||
| 050 4 PE1128 S274E 2015 | |||
| 100 Sayamol Panseeta | |||
| 245 Essential grammar for TOEIC, IELTS and TOEFL/^cSayamol Panseeta; Editor, Ian Andres | |||
| 260 Bangkok :^bInteract Images,^c2015 | |||
| 300 88,[10] p. :^bill ;^c27 cm | |||
| 650 4 ^aEnglish language^xGrammar | |||
| 650 4 ^aEnglish language^xTextbooks for foreign speakers | |||
| 650 4 ^aEnglish language^xUsage | |||
| 700 0 ^aAndres, Ian,^eed. | |||
| 999 ^aใช้งานได้ทุกระบบ | |||
| คุณยังไม่ได้ล็อกอิน คุณสามารถมีกิจกรรมร่วมกับเว็บไซต์ได้ แต่ต้องล็อกอินก่อน :: |
|
| สถานะ | |||||||||
| 1. | หนังสือทั่วไป | PE1128 S274E 2015 c.1 | On Shelf ขอยืม | ||||||
| Note:จัดซื้อปีงบประมาณ 2562 | |||||||||
| 2. | หนังสือทั่วไป | PE1128 S274E 2015 c.2 | On Shelf ขอยืม | ||||||
| Note:จัดซื้อปีงบประมาณ 2562 | |||||||||
| 3. | หนังสือทั่วไป | PE1128 S274E 2015 c.3 | On Shelf ขอยืม | ||||||
| Note:จัดซื้อปีงบประมาณ 2562 | |||||||||
| 4. | หนังสือทั่วไป | PE1128 S274E 2015 c.4 | On Shelf ขอยืม | ||||||
| Note:จัดซื้อปีงบประมาณ 2562 | |||||||||
| [แสดง 4/4 รายการ] | |||||||||
| รายการใกล้เคียง หัวเรื่อง [English language Grammar]
|
BibComment |
| คอมเมนท์ทรัพยากรรายการนี้ |
|
|